000 00433nam a2200145Ia 4500
008 231129s2015||||xx |||||||||||||| ||spa||
020 _a978-0-9863846-0-8
040 _bspa
082 _a920.72 C569d
100 _aCifuentes Aranzazu Elsa Gladys
245 0 _aMi vida a la carrera ...Desde Manhattan
260 _c2015
264 _aPereira Colombia : Grafitel Litografí­a
942 _2ddc
_cBKS
999 _c21141
_d21141